Statistics for YURDUN ENLERİ

Click here to take the quiz!

General Stats

  • This quiz has been taken 587 times
  • The average score is 3 of 7

Answer Stats

QuestionAnswer% Correct
YURDUN EN KURALCISIEMİN ABİ
86%
YURDUN EN KASLISIHÜSEYİN BAŞ
40%
YURDUN EN İYİ GİYİM TARZINA SAHİP KİŞİSİHÜSEYİN BAŞ
33%
EN İYİ ŞARKI SÖYLEYİNİNUMAN
33%
YURDUN EN ÇOK 31 ÇEKENİALİ EREN
29%
YURDUN EN YAKIŞIKLISIHÜSEYİN BAŞ
20%
EN ÇOK YEMEK YİYENİALİ EREN
13%

Score Distribution

Percentile by Number Answered

Percent of People with Each Score

Your Score History

You have not taken this quiz